<?xml version="1.0" encoding="UTF-8"?>
<record
    xmlns:xsi="http://www.w3.org/2001/XMLSchema-instance"
    xsi:schemaLocation="http://www.loc.gov/MARC21/slim http://www.loc.gov/standards/marcxml/schema/MARC21slim.xsd"
    xmlns="http://www.loc.gov/MARC21/slim">

  <leader>01738nam a2200217 i 4500</leader>
  <controlfield tag="001">17770</controlfield>
  <controlfield tag="003">ES-MaACL</controlfield>
  <controlfield tag="005">20250803050536.0</controlfield>
  <controlfield tag="007">t|</controlfield>
  <controlfield tag="008">010522m19802000sp           ||||1| spa d</controlfield>
  <datafield tag="020" ind1=" " ind2=" ">
    <subfield code="a">0 521 23446 8</subfield>
  </datafield>
  <datafield tag="080" ind1=" " ind2=" ">
    <subfield code="a">931</subfield>
  </datafield>
  <datafield tag="245" ind1="0" ind2="4">
    <subfield code="a">The Cambridge ancient history.</subfield>
  </datafield>
  <datafield tag="260" ind1=" " ind2=" ">
    <subfield code="a">Cambridge : </subfield>
    <subfield code="b">University Press, </subfield>
    <subfield code="c">1980-2000.</subfield>
  </datafield>
  <datafield tag="300" ind1=" " ind2=" ">
    <subfield code="a">26 v. ; </subfield>
    <subfield code="c">23 cm.</subfield>
  </datafield>
  <datafield tag="500" ind1=" " ind2=" ">
    <subfield code="a">Plates to volumen I, II, III, IV, V, VI, VII.</subfield>
  </datafield>
  <datafield tag="505" ind1="8" ind2=" ">
    <subfield code="a">Contiene: Vol. I. Part 1: Prologomena and prehistory -- Vol. I. Part 2A-2B: Early history of the middle east -- Vol. II. Part 1: History of the middle east and the aegean region : c. 1800-1380 B.C. -- Vol. II. Part 2A-2B: History of the middle east and the agean region: c. 1380-1000 B.C. -- Vol. III. Part 1: Middle east and the aegean world, tenth to eighth centuries B.C. -- Vol.III. Part 2: The Assyrian and Babylonyam Empires and other states of the near east, fron the eighth to the sixth centuries B.C. -- Vol. III. Part 3. The expansion of the greek world: eight to sixth centuries B.C. -- Vol. IV. The Persian empire and the west -- Vol. V. Athens: 478-401 B.C. -- Vol. VI: Macedon: 401-301 B.C. -- Vol. VII. Part 1: The hellenishc world -- Vol. VII. Part. 2: The rise of Rome to 220 B.C. -- Vol. VIII: Rome and the mediterraean: 218-133 B.C. -- Vol. IX: The Roman Republic: 133-44 B.C. -- Vol. X: The Augustan Empire: 44 B.C.- A.D. 70 -- Vol. XI: The Imperial pace: A.D. 70-192 -- Vol. XII : The Imperial crisis and recovery: AD. 193-324 -- Vol. XIII: The late empire: A.D. 337-425 -- Vol. XIV. Late antiquity: empire and successors, A.D. 425-600</subfield>
  </datafield>
  <datafield tag="650" ind1="1" ind2="7">
    <subfield code="a">Historia antigua</subfield>
    <subfield code="2">embne</subfield>
    <subfield code="9">13385</subfield>
  </datafield>
  <datafield tag="852" ind1=" " ind2=" ">
    <subfield code="a">ES-MaACL</subfield>
    <subfield code="j">P-975 </subfield>
    <subfield code="b">R.112778</subfield>
  </datafield>
  <datafield tag="999" ind1=" " ind2=" ">
    <subfield code="c">17770</subfield>
    <subfield code="d">17770</subfield>
  </datafield>
  <datafield tag="952" ind1=" " ind2=" ">
    <subfield code="0">0</subfield>
    <subfield code="1">0</subfield>
    <subfield code="4">0</subfield>
    <subfield code="7">0</subfield>
    <subfield code="a">ATENEOM</subfield>
    <subfield code="b">ATENEOM</subfield>
    <subfield code="c">DEPO2</subfield>
    <subfield code="d">2008-01-17</subfield>
    <subfield code="e">SC</subfield>
    <subfield code="l">0</subfield>
    <subfield code="o">P-975</subfield>
    <subfield code="p">1018139</subfield>
    <subfield code="r">2023-02-23 00:00:00</subfield>
    <subfield code="w">2023-02-23</subfield>
    <subfield code="y">MONOGRAFIA</subfield>
  </datafield>
</record>
